Code des constructions et de la contiguite par M. L. Perrin (1846) suivi du code des proprietaires, des locataires, des usufruitiers et des constructeurs de maisons par M. L. Tripier ... 1872 (Record no. 114462)
[ view plain ]
| 000 -LEADER | |
|---|---|
| fixed length control field | 00800cam a22002055a 4500 |
| 001 - CONTROL NUMBER | |
| control field | L156876 |
| 008 - FIXED-LENGTH DATA ELEMENTS--GENERAL INFORMATION | |
| fixed length control field | 120724s1872 fr f 000 0 eng d |
| 035 ## - SYSTEM CONTROL NUMBER | |
| System control number | (Sirsi) u156876 |
| 041 0# - LANGUAGE CODE | |
| Language code of text/sound track or separate title | eng |
| 100 1# - MAIN ENTRY--PERSONAL NAME | |
| Personal name | Perrin, L. |
| Fuller form of name | (Louis) |
| 245 00 - TITLE STATEMENT | |
| Title | Code des constructions et de la contiguite par M. L. Perrin (1846) suivi du code des proprietaires, des locataires, des usufruitiers et des constructeurs de maisons par M. L. Tripier ... 1872 |
| 260 ## - PUBLICATION, DISTRIBUTION, ETC. | |
| Place of publication, distribution, etc. | Paris |
| Name of publisher, distributor, etc. | Menard et David, Editeurs |
| Date of publication, distribution, etc. | 1872 |
| 300 ## - PHYSICAL DESCRIPTION | |
| Extent | xii, 939, 80 p. |
| Dimensions | 22 cm. |
| 520 ## - SUMMARY, ETC. | |
| Summary, etc. | The name "Arthur Cates" is inscribed on the top right corner of the front endpaper. |
| 583 ## - ACTION NOTE | |
| Action | Condition reviewed |
| Time/date of action | 20120620 |
| Status | condition level 1 |
| 651 #4 - SUBJECT ADDED ENTRY--GEOGRAPHIC NAME | |
| Geographic name | France |
| 690 ## - LOCAL SUBJECT ADDED ENTRY--TOPICAL TERM (OCLC, RLIN) | |
| Topical term or geographic name as entry element | Construction management |
| 9 (RLIN) | 6230 |
| 700 1# - ADDED ENTRY--PERSONAL NAME | |
| Personal name | Tripier, L. |
| 942 ## - ADDED ENTRY ELEMENTS (KOHA) | |
| Suppress in OPAC | 0 |
| Withdrawn status | Lost status | Source of classification or shelving scheme | Damaged status | Not for loan | Home library | Current library | Shelving location | Date acquired | Total Checkouts | Full call number | Barcode | Date last seen | Copy number | Price effective from | Koha item type |
|---|---|---|---|---|---|---|---|---|---|---|---|---|---|---|---|
| Dewey Decimal Classification | Historic collection | Historic collection | Historic collection | 24/07/2012 | OCTAVO 1872 PERRIN | 30077097 | 06/08/2019 | 1 | 06/08/2019 | Book |